| 000 | 00993cam a22003011i 4500 | ||
|---|---|---|---|
| 001 | 10298996 | ||
| 003 | EG-ScBUE | ||
| 005 | 20240428085107.0 | ||
| 008 | 740712t1960 okub f b 001 0 eng d | ||
| 035 | _a(OCoLC)945030 | ||
| 040 |
_aDLC _beng _erda _cOMC _dOCoLC _dDLC _dEG-ScBUE |
||
| 043 | _aa-ir--- | ||
| 082 | 0 | 4 |
_a955.7 _222 _bARB |
| 100 | 1 |
_aArberry, A. J. _q(Arthur John), _d1905-1969, _eauthor. _911134 |
|
| 245 | 1 | 0 |
_aShiraz : _bPersian city of saints and poets / _cby Arthur J. Arberry. |
| 250 | _aFirst edition. | ||
| 264 | 1 |
_aNorman, Oklahoma : _bUniversity of Oklahoma Press, _c[1960] |
|
| 264 | 4 | _cc1960 | |
| 300 |
_axv, 177 pages : _bmaps ; _c20 cm. |
||
| 336 |
_2rdacontent _atext _btxt |
||
| 337 |
_aunmediated _2rdamedia _bn |
||
| 338 |
_avolume _bnc _2rdacarrier |
||
| 490 | 0 | _aThe centers of civilization series | |
| 504 | _aIncludes bibliographical references and index. | ||
| 651 | 7 |
_aShiraz (Iran) _xHistory. _2BUEsh _911136 |
|
| 655 | _vReading book | ||
| 942 |
_2ddc _cBB |
||
| 999 |
_c13322 _d13322 |
||